000
00259nam a22001217a 4500
041
_a
ENG
100
_a
Rajput R.K
245
_a
A Tex Book Of Fluid Mechanics in sl Units
260
_a
Delhi
_b
S. Chand
_c
1998
300
_a
200
650
_a
IDE
856
_u
IDE
999
_c
608
_d
608